Podnikanie v Iraku sú peniaze a strach o život
Podnikanie v Iraku po oficiálnom skončení vojny. Americké a nemecké investície. Pretrvávajúce nebezpečenstvo pre ľudí. Najsilnejšie zastúpená nemecká spoločnosť v Iraku - Siemens. Prečo zahraničné spoločnosti riskujú.
Salvato in:
| Autore principale: | |
|---|---|
| Natura: | Capitolo di libro |
| Lingua: | slovacco |
| Soggetti: | |
| Tags: |
Nessun Tag, puoi essere il primo ad aggiungerne!!
|
MARC
| LEADER | 00000naa$a2200000$$$4500 | ||
|---|---|---|---|
| 001 | 0037412 | ||
| 005 | 20231004131018.4 | ||
| 041 | 0 | |a slo | |
| 044 | |a SK | ||
| 245 | 1 | 0 | |a Podnikanie v Iraku sú peniaze a strach o život |c Soňa Zverková |
| 520 | |a Podnikanie v Iraku po oficiálnom skončení vojny. Americké a nemecké investície. Pretrvávajúce nebezpečenstvo pre ľudí. Najsilnejšie zastúpená nemecká spoločnosť v Iraku - Siemens. Prečo zahraničné spoločnosti riskujú. | ||
| 610 | 2 | 0 | |a podnikanie |
| 610 | 2 | 0 | |a investície zahraničné |
| 610 | 2 | 0 | |a spoločnosti |
| 610 | 2 | 0 | |a zamestnanci |
| 610 | 2 | 0 | |a bezpečnosť |
| 610 | 2 | 0 | |a terorizmus |
| 610 | 2 | 0 | |a konflikty |
| 610 | 2 | 0 | |a riziko |
| 610 | 2 | 0 | |a Irak |
| 100 | 1 | |a Zverková, Soňa | |